| 000 | 00456cam a2200169 4500 | ||
|---|---|---|---|
| 020 | _a0878720693 | ||
| 040 | _cDLC | ||
| 082 | 0 | 0 | _a621 DUX 1974 A049 Or. |
| 100 | 1 | _aSteinhart, Carol E. | |
| 245 | 1 | 0 | _aEnergy: sources, use, and role in human affairs |
| 260 |
_aNorth Scituate, Mass., _bDuxbury Press _c[1974] |
||
| 300 |
_axii, 362 p. _billus. _c24 cm. |
||
| 650 | 0 | _aPower resources. | |
| 650 | 0 | _aFood. | |
| 700 | 1 | _aSteinhart, John S., | |
| 942 | _cEK | ||
| 999 |
_c14351 _d14351 |
||